| 000 | 01210nas a22003495a 4500 | ||
|---|---|---|---|
| 003 | EG-ScBUE | ||
| 005 | 20220525121421.0 | ||
| 008 | 091105r20102001enka f 000 0 eng d | ||
| 020 | _a0194366723 | ||
| 020 | _a9780194366724 | ||
| 040 |
_aEG-ScBUE _beng _erda _cEG-ScBUE _dEG-ScBUE |
||
| 082 | 0 | 4 |
_a428.24 _bSOA _222 |
| 100 | 1 |
_aSoars, John, _d1951- _eauthor. _99170 |
|
| 245 | 1 | 0 |
_aNew headway English course, _pPre-intermediate, _pWorkbook with key / _cJohn and Liz Soars. |
| 246 | 3 | 0 | _aPre-intermediate |
| 246 | 3 | 0 | _aWorkbook with key |
| 250 | _aReprinted edition. | ||
| 264 | 1 |
_aOxford ; _aNew York : _bOxford University Press, _c2010. |
|
| 300 |
_a96 pages : _billustrations ; _c28 cm |
||
| 336 |
_2rdacontent _atext _btxt |
||
| 337 |
_2rdamedia _aunmediated _bn |
||
| 338 |
_2rdacarrier _avolume _bnc |
||
| 590 | _aMohamed Hussein | ||
| 650 | 7 |
_aEnglish language _vTextbooks for foreign speakers. _2BUEsh _99172 |
|
| 650 | 7 |
_aEnglish language _xGrammar _xProblems, exercises. _2BUEsh _99173 |
|
| 651 | _2BUEsh | ||
| 653 |
_cApril2015 _bHHUUEENN |
||
| 655 |
_vReading book _934232 |
||
| 700 | 1 |
_aSoars, Liz, _d1945- _eauthor. _99174 |
|
| 942 |
_cBB _k428.24 SOA _2ddc |
||
| 999 |
_c4621 _d4621 |
||